书目信息 |
| 题名: |
文化探究
|
|
| 作者: | 廖明君 著 | |
| 分册: | ||
| 出版信息: | 上海 上海文艺出版社 2020.10 |
|
| 页数: | 472页 | |
| 开本: | 24cm | |
| 丛书名: | 艺术与人文丛书 | |
| 单 册: | ||
| 中图分类: | G321.5 | |
| 科图分类: | ||
| 主题词: | 学术交流--文化研究 | |
| 电子资源: | ||
| ISBN: | 978-7-5321-7805-6 | |
| 000 | 01562nam2 2200301 45 | |
| 001 | 012001003959 | |
| 005 | 20140926081908.0 | |
| 010 | @a978-7-5321-7805-6@dCNY108.00 | |
| 100 | @a20201110d2020 em y0chiy0110 ea | |
| 101 | 0 | @achi |
| 102 | @aCN@b310000 | |
| 105 | @ay z 000yy | |
| 106 | @ar | |
| 200 | 1 | @a文化探究@Awen hua tan jiu@e跨学科视域中的多元对话@f廖明君等著 |
| 210 | @a上海@c上海文艺出版社@d2020.10 | |
| 215 | @a472页@d24cm | |
| 225 | 2 | @a艺术与人文丛书@h第一辑 |
| 300 | @a其他题名:跨学科视域中的多元对话 | |
| 314 | @a廖明君,黄冈师范学院湖北省“楚天学者”特聘教授,广西民族大学文化遗产研究中心主任、二级教授、博士研究生导师,文化部优秀专家,享受国务院政府特殊津贴,兼任中国艺术人类学学会副会长,曾任广西民族文化艺术研究院院长、《民族艺术》杂志主编,主持“珠江流域少数民族铜鼓艺术与非物质文化遗产保护”等国家社科基金课题,出版《壮族自然崇拜文化》《刘三姐》《生死攸关——李贺诗歌的哲学解读》等著作,研究成果多次获得、省部级奖。 | |
| 330 | @a这是一本具有学术深度和思维广度的对谈集,共收录30篇学术对谈,在每一篇对谈内,研究学科涉及艺术学、文艺学、美学、民俗学、人类学、神话学等,抽丝剥茧,层层剖析,论述专家学者的思辨之路与学术心得。更值得推介的是,本书以跨学科的研究视角,使研究对象的综合性、层叠性、交叉性得到了全新的阐释,对于文化艺术领域的研习者具有很强的学习与借鉴价值。 | |
| 410 | 0 | @12001 @a艺术与人文丛书 |
| 461 | 0 | @12001 @a艺术与人文丛书 |
| 517 | 1 | @a跨学科视域中的多元对话 |
| 606 | 0 | @a学术交流@x文化研究 |
| 690 | @aG321.5@v5 | |
| 701 | 0 | @a廖明君@Aliao ming jun@4著 |
| 801 | @aCN@bAHXH@c20210922 | |
| 905 | @b1328695-9@dG321.5@e47@f5 | |
| 文化探究:跨学科视域中的多元对话/廖明君等著.-上海:上海文艺出版社,2020.10 |
| 472页;24cm.-(艺术与人文丛书.第一辑) |
| 其他题名:跨学科视域中的多元对话 |
| ISBN 978-7-5321-7805-6:CNY108.00 |
| 这是一本具有学术深度和思维广度的对谈集,共收录30篇学术对谈,在每一篇对谈内,研究学科涉及艺术学、文艺学、美学、民俗学、人类学、神话学等,抽丝剥茧,层层剖析,论述专家学者的思辨之路与学术心得。更值得推介的是,本书以跨学科的研究视角,使研究对象的综合性、层叠性、交叉性得到了全新的阐释,对于文化艺术领域的研习者具有很强的学习与借鉴价值。 |
| ● |
| 相关链接 |
|
|
|
|
正题名:文化探究
索取号:G321.5/47
 
预约/预借
| 序号 | 登录号 | 条形码 | 馆藏地/架位号 | 状态 | 备注 |
| 1 | 1328695 | 213286950 | 第一样本阅览室/ [索取号:G321.5/47] | 在馆 | |
| 2 | 1328696 | 213286969 | 教育系资料室/ [索取号:G321.5/47] | 在馆 | |
| 3 | 1328697 | 213286978 | 教育系资料室/ [索取号:G321.5/47] | 在馆 | |
| 4 | 1328698 | 213286987 | 第四借阅区/ [索取号:G321.5/47] | 在馆 | |
| 5 | 1328699 | 213286996 | 第四借阅区/ [索取号:G321.5/47] | 在馆 |